A framework for understanding poverty : (Record no. 49622)
| 000 -LEADER | |
|---|---|
| fixed length control field | 00381nam a2200121 4500 |
| 020 ## - INTERNATIONAL STANDARD BOOK NUMBER | |
| International Standard Book Number | 9781938248016 |
| 100 ## - MAIN ENTRY--PERSONAL NAME | |
| Personal name | Payne, Ruby K. |
| 9 (RLIN) | 86741 |
| 245 ## - TITLE STATEMENT | |
| Title | A framework for understanding poverty : |
| Remainder of title | a cognitive approach / |
| Statement of responsibility, etc | Ruby K. Payne. |
| 260 ## - PUBLICATION, DISTRIBUTION, ETC. (IMPRINT) | |
| Place of publication, distribution, etc | Highlands, TX: |
| Name of publisher, distributor, etc | Aha! Process Inc,; |
| Date of publication, distribution, etc | 2013. |
| 300 ## - PHYSICAL DESCRIPTION | |
| Extent | 239 p. |
| Dimensions | 26 cm. |
| 650 ## - SUBJECT ADDED ENTRY--TOPICAL TERM | |
| Topical term or geographic name as entry element | Education. Sociology. |
| 9 (RLIN) | 86742 |
| 942 ## - ADDED ENTRY ELEMENTS (KOHA) | |
| Source of classification or shelving scheme | |
| Koha item type | Teacher's Resources |
| Withdrawn status | Lost status | Source of classification or shelving scheme | Damaged status | Not for loan | Collection code | Home library | Current library | Shelving location | Date acquired | Full call number | Barcode | Date last seen | Price effective from | Koha item type |
|---|---|---|---|---|---|---|---|---|---|---|---|---|---|---|
| TEACHERS' RESOURCES | Asian Hope Secondary Library | Asian Hope Secondary Library | SECONDARY | 10/08/2025 | 362.509 PAY | 208791 | 10/08/2025 | 10/08/2025 | Teacher's Resources |